| 000 | 00769cab a2200241 4500 | ||
|---|---|---|---|
| 001 | WB3412-19 | ||
| 008 | 090401t1998 xxu||||| |||| 00| 0 eng d | ||
| 035 | _a(Sirsi) u85190 | ||
| 041 | _aeng | ||
| 245 | _aBrown paves the way for `green` 1999 | ||
| 260 | _c1998 | ||
| 350 | _a0 | ||
| 490 |
_aFinancial Times _v21 March 1998, 8(1) |
||
| 520 | _aThe 1999 budget looks set to be one of the `greenest` as the Chancellor has delayed action on taxes on quarrying companies that pollute rivers and greenfield developmenets until next year. | ||
| 650 | _aBUDGET | ||
| 650 | _aGREENFIELD DEVELOPMENT | ||
| 650 | _aQUARRYING | ||
| 650 | _aTAXES | ||
| 650 | _aWATER POLLUTION | ||
| 690 | _aENVIRONMENTAL AND LAND CONSULTANCY | ||
| 942 | _n0 | ||
| 948 | _c25/03/1998 | ||
| 999 |
_c53552 _d53552 |
||